Zefektívnenie marketingových nástrojov vo vybranej firmy bakalárska práca

Na minha lista:
Detalhes bibliográficos
Autor principal: Udvardyová, Adriána
Autor Corporativo: Obchodná fakulta EU. Katedra marketingu
Outros Autores: Hasprová, Mária, 1970-
Formato: Livro
Idioma:eslovaco
Publicado em: Bratislava 2022
Tags: Adicionar Tag
Sem tags, seja o primeiro a adicionar uma tag!

MARC

LEADER 00000nbm a2200000 4500
001 0285755
005 20230104110434.1
041 0 |a slo 
044 |a SK 
245 1 0 |a Zefektívnenie marketingových nástrojov vo vybranej firmy  |b bakalárska práca  |c Adriána Udvardyová ; školiteľ: Mária Hasprová 
264 1 |a Bratislava  |c 2022 
300 |a 47 s. 
100 1 |a Udvardyová, Adriána 
700 1 |a Hasprová, Mária, 1970- 
710 2 |a Obchodná fakulta EU. Katedra marketingu